Music Quiz

Random Music or Song Quiz

Songs on Automatic for the People Quiz Stats

 Plays Quiz Updated Apr 28, 2014

     
Support Sporcle.
Go Orange.
Score 0/12 Timer 04:00
0 Plays Today
Track # Song % Correct
4Everybody Hurts
82.3%
1Drive
75.2%
10Man on the Moon
75%
11Nightswimming
74.1%
3The Sidewinder Sleeps Tonite
64.5%
12Find the River
49.9%
2Try Not to Breathe
47%
8Ignoreland
46.2%
9Star Me Kitten
45.8%
7Monty Got a Raw Deal
43.1%
5New Orleans Instrumental No. 1
38.4%
6Sweetness Follows
36.3%

From the Vault

'L' Film Characters

by druhutch

Movies 4m
We hope you can remember who the 'L' these movie characters are.
Remove Ads.
Support Sporcle.
Get the best of Sporcle when you Go Orange. This ad-free experience offers more features, more stats, and more fun while also helping to support Sporcle. Thank you for becoming a member.

Show Comments

Extras

Top Quizzes Today


Score Distribution

Your Account Isn't Verified!

In order to create a playlist on Sporcle, you need to verify the email address you used during registration. Go to your Sporcle Settings to finish the process.

Report this User

Report this user for behavior that violates our Community Guidelines.

Details: